| 000 | 00984nam a22003137a 4500 | ||
|---|---|---|---|
| 003 | CHAP | ||
| 005 | 20220817041827.0 | ||
| 008 | 971013s1983 r 00010 d | ||
| 010 | _a25756 | ||
| 011 | _a26728 | ||
| 035 | _a30829 | ||
| 040 | _cCHAP | ||
| 090 | _aFolleto 9964 | ||
| 110 |
_aInternational Association of Universities _959547 |
||
| 245 |
_aContemporary scientific and technological changes _b: Their impact on the humanities in University Education |
||
| 260 |
_aParis : _bThe Association, _c1983 |
||
| 300 | _a79 p | ||
| 490 |
_aPapers _v; 17 |
||
| 590 |
_aBATCH-UPD _b10 _c20130110 _lUCH01 _h1728 |
||
| 590 |
_aBATCH-UPD _b10 _c20130410 _lUCH01 _h1110 |
||
| 590 |
_aBATCH-UPD _b10 _c20130914 _lUCH01 _h1245 |
||
| 590 |
_aCONVERSION _b10 _c20130109 _lUCH01 _h1315 |
||
| 650 | 1 | 4 | _aEducación superior. |
| 650 | 1 | 4 |
_aUniversidades. _9116595 |
| 830 | 0 |
_aPapers _v; 17 _985402 |
|
| 901 | _aBK | ||
| 942 | _cFOLL | ||
| 949 |
_aFolleto 9964 _bBC _cFOLL _d-71323 _eTS1 _i30829 _si |
||
| 999 |
_c25756 _d25756 |
||